000 00541nam a2200193 a 4500
001 1771666227396
003 YourLibrary
005 20260221150218.0
008 260221s2008##################000#0#eng##
020 _a9781840648096
082 0 4 _a338.642095
_bHAR
100 1 _aHarvie, Charles,
_eauthor.
245 1 0 _aSmall and Medium Sized Enterprises in East Asia :
260 _bEdward Elgar Publishing,
_c2008.
300 _a498 pages
650 0 _aBusiness & Economics.
942 _cENGLISH
040 _aYourLibrary
_beng
_cYourLibrary
999 _c615282
_d615282